1756 1056 1429 1188 1102 1509 1846 1038 1418 1476 1595 1217 1514 1991 1471 1654 1534 1330 1736 1813 1163 1735 1399 1262 1182 1131 1020 1998 1773 1216 1698 1470 1580 1194 1319 1154 1329 1490 1663 1545 1490 1622 1025 1045 1607 1041 1131 1535 1312 1028 1737 1113 1071 1794 1356 1580 1015 1357 1820 1840 1664 1731 1393 1508 1996 1337 1719 1798 1054 1525 1932 1256 1306 1989 1015 1553 1710 1475 1550 1809 1520 1277 1597 1029 1668 1060 1660 1546 1930 1092 1363 1624 1929 1177 1081 1024 1131 1840 1377 BCNSPRNW ULIB Ver.6.0+V

เปลี่ยนเป็นภาษาไทย

Change to English
 แสดงรายละเอียดบรรณานุกรม
  กลับหน้าหลัก

Brief Record : Get Marc (ISO 2709) : E-mail record : QR code < ปิดหน้าต่าง
LEADER : 00000nam 2200000uu 4500
001    13399123016
003     ULIB
008    131128s2555||||th 000 0 tha d
020    ^a9786162142574
090    ^aนว^bพ187พ ล.15
100 0  ^aพนมเทียน
245 10 ^aเพชรพระอุมา:อาถรรพ์นิทรานคร เล่ม 3/^cพนมเทียน
250    ^aพิมพ์รวมเล่มครั้งที่ 6
260    ^aกรุงเทพฯ :^bณ บ้านวรรณกรรม,^c2555
505 00 ^a^gล.1-4^tไพรมหากาฬ --^gล.5-8^tดงมรณะ -- ^gล.9-12^tจอมผีดิบมันตรัย -- ^gล.13-16^tอาถรรพณ์นิทรานคร -- ^gล.17-20^tป่าโลกล้านปี -- ^gล.21-24^tแงซายจอมจักรา -- ^gล.25-28^tจอมพราน -- ^gล.29-32^tไอ้งาดำ -- ^gล.33-36^tจิตรางคนางค์-- ^gล.37-40^tนาคเทวี -- ^gล.41-44^tแด่ปางบรรพ์ -- ^gล.45-48^tมงกุฎไพร
650  4 ^aนวนิยายไทย
945    ^p225^l0^i034219
999    ^aเกษร โพธิ์สุวรรณ
รายการนี้ยังไม่มีแท็ก
คุณยังไม่ได้ล็อกอิน คุณสามารถมีกิจกรรมร่วมกับเว็บไซต์ได้ แต่ต้องล็อกอินก่อน ::
  ล็อกอิน

รายการสื่อสารสนเทศ

ลำดับที่ ประเภท เลขเรียก/บาร์โค้ด สถานที่ สถานะ
1. นวนิยาย
นวนิยาย
นว พ187พ ล.15  
  Barcode: 034219
ห้องสมุดวิทยาเขตสวรรค์ประชารักษ์
►นวนิยาย
บนชั้น
  ขอยืม

รายการใกล้เคียง
    ผู้แต่ง [พนมเทียน]

    หัวเรื่อง [นวนิยายไทย]

BibComment


ยังไม่เคยถูกคอมเมนท์

คอมเมนท์ทรัพยากรรายการนี้
  คอมเมนท์: เพชรพระอุมาอาถรร..


 Copyright 2026. Bcnsprnw @Library